000 00808nas a2200265 4500
001 BR2011000614
003 BR-BrBNA
005 20231205114420.0
007 ta
008 230509b bl.|||p| |||| 00| 00por d
040 _aBR-BrBNA
_bpor
_cBiblioteca Nacional de Agricultura
041 _a(Pt)
072 _aP10
100 1 _aFarage, J. de A.P.
100 1 _aMatos, A.T. de
100 1 _aSilva, D.D. da
100 1 _aBorges, A.C.
245 1 _aDeterminação do índice de estado trófico para fósforo em pontos do rio Pomba
650 _aRIO
650 _aQUALIDADE DA ÁGUA
650 _aEUTROFICAÇÃO
773 0 _tEngenharia na Agricultura (Brazil)
_xISSN 1414-3984
_g(Jul-Aug 2010), v. 18(4) p. 322-329
_wBR2011000614
909 _a202311
_bLúcia
_c55
_dLúcia Elande
942 _2AGRIS
_n0
_cANA
999 _c208669
_d208669